书目信息 |
| 题名: |
道德剧
|
|
| 作者: | 昂斯沃斯 , Unsworth 著 ;孙英春 译 | |
| 分册: | ||
| 出版信息: | 北京 中国友谊出版公司 2002.01 |
|
| 页数: | 293页 | |
| 开本: | 21cm | |
| 丛书名: | ||
| 单 册: | ||
| 中图分类: | I260 | |
| 科图分类: | ||
| 主题词: | 长篇小说--英国--现代 | |
| 电子资源: | ||
| ISBN: | 7-5057-1741-3 | |
| 000 | 00863nam0 2200253 45 | |
| 001 | 012003000000 | |
| 005 | 20041206154444.03 | |
| 010 | @a7-5057-1741-3@dCNY 18.00 | |
| 100 | @a20030816d2002 em y0chiy0121 ea | |
| 101 | 1 | @achi@ceng |
| 102 | @aCN@b110000 | |
| 105 | @ay z 000ay | |
| 200 | 1 | @a道德剧@Adao de ju@dMorality play@f(英)巴里·昂斯沃斯(Barry Unsworth)著@g孙英春译@zeng |
| 210 | @a北京@c中国友谊出版公司@d2002.01 | |
| 215 | @a293页@d21cm | |
| 314 | @a巴里·昂斯沃斯, 当代英国文学大师, 布克奖得主, 主要作品有《兽皮》、《帕斯卡里之岛》、《秃鹰之怒》、《石女》等12部小说。 | |
| 510 | 1 | @aMorality play@zeng |
| 606 | 0 | @a长篇小说@y英国@z现代 |
| 690 | @aI260@v4 | |
| 701 | 1 | @a昂斯沃斯@Aang si wo si@b巴里@4著 |
| 701 | A1 | @aUnsworth@bBarry@4著 |
| 702 | 0 | @a孙英春@Asun ying chun@4译 |
| 801 | 0 | @aCN@bQSSK3@c20041206 |
| 905 | @a10447@dI260@eB040 | |
| 道德剧=Morality play/(英)巴里·昂斯沃斯(Barry Unsworth)著/孙英春译.-北京:中国友谊出版公司,2002.01 |
| 293页;21cm |
| ISBN 7-5057-1741-3:CNY 18.00 |
| ● |
| 相关链接 |
|
|
|
正题名:道德剧
索取号:I260/B040
 
预约/预借
| 序号 | 登录号 | 条形码 | 馆藏地/架位号 | 状态 | 备注 |
| 1 | 430489 | 204304895 | 文学库116/116文学库 1排1列3层/ [索取号:I260/B040] | 在馆 | |
| 2 | 430490 | 204304902 | 文学库116/116文学库 1排1列3层/ [索取号:I260/B040] | 在馆 | |
| 3 | 430491 | 204304911 | 文学库116/ [索取号:I260/B040] | 在馆 |